书目信息 |
| 题名: |
中国的男人和女人
|
|
| 作者: | 易中天 著 | |
| 分册: | ||
| 出版信息: | 上海 上海文艺出版社 2003.02 |
|
| 页数: | 305页 | |
| 开本: | 21cm | |
| 丛书名: | 易中天随笔体学术著作 | |
| 单 册: | ||
| 中图分类: | I267.1 | |
| 科图分类: | ||
| 主题词: | 随笔--sui bi--中国--现代--作品集 , 性问题--xing wen ti--研究--随笔--中国 | |
| 电子资源: | ||
| ISBN: | 7-5321-2017-1 | |
| 000 | 00954nam 2200277 450 | |
| 001 | 012007541238 | |
| 005 | 20070428101529.01 | |
| 010 | @a7-5321-2017-1@dCNY22.00 | |
| 100 | @a20070202d2003 km y0chiy0120 ea | |
| 101 | 0 | @achi |
| 102 | @aCN@b310000 | |
| 105 | @aa a 000yy | |
| 200 | 1 | @a中国的男人和女人@Azhong guo de nan ren he nu ren@f易中天著@Fyi zhong tian zhu |
| 205 | @a第2版 | |
| 210 | @a上海@c上海文艺出版社@d2003.02 | |
| 215 | @a305页@c图@d21cm | |
| 225 | 2 | @a易中天随笔体学术著作@Ayi zhong tian sui bi ti xue shu zhu zuo@i中国文化系列@v2 |
| 320 | @a有书目。 | |
| 330 | @a本书内容分:"男人"、"女人"、"性"、"夫妻"、"姬妾"、"娼妓"、"情人"、"闲话"等。 | |
| 410 | 0 | @12001 @a易中天随笔体学术著作@i中国文化系列@v2 |
| 606 | 0 | @a随笔@Asui bi@y中国@z现代@j作品集 |
| 606 | 0 | @a性问题@Axing wen ti@x研究@x随笔@y中国 |
| 690 | @aI267.1@v4 | |
| 701 | 0 | @a易中天@Ayi zhong tian@4著 |
| 801 | 0 | @aCN@c20070428 |
| 905 | @a10447@dI267.1@eY556 | |
| 中国的男人和女人/易中天著.-第2版.-上海:上海文艺出版社,2003.02 |
| 305页:图;21cm.-(易中天随笔体学术著作.中国文化系列;2) |
| ISBN 7-5321-2017-1:CNY22.00 |
| 本书内容分:"男人"、"女人"、"性"、"夫妻"、"姬妾"、"娼妓"、"情人"、"闲话"等。 |
| ● |
| 相关链接 |
|
|
|
正题名:中国的男人和女人
索取号:I267.1/Y556
 
预约/预借
| 序号 | 登录号 | 条形码 | 馆藏地/架位号 | 状态 | 备注 |
| 1 | 235456 | 202354567 | 社科二线400B/400B社科库 15排2列3层/ [索取号:I267.1/Y556] | 在馆 | |
| 2 | 235457 | 202354576 | 社科二线422/422社科库 27排4列2层/ [索取号:I267.1/Y556] | 在馆 | |
| 3 | 235458 | 202354585 | 文学库116/116文学库 11排2列5层/ [索取号:I267.1/Y556] | 在馆 | |
| 4 | 235459 | 202354594 | 文学库116/422社科库 27排4列2层/ [索取号:I267.1/Y556] | 在馆 | |
| 5 | 235460 | 202354601 | 社科二线422/422社科库 27排4列2层/ [索取号:I267.1/Y556] | 在馆 |